000 00599nam a2200193 a 4500
005 20250927063914.0
008 070118s1999 mx r 000 0 spa d
035 _aUPN01000148688
049 _aCG
050 4 _aKGF1789
_bC6.5
245 0 0 _aCómo defendernos :
_bcarpeta para la promoción de los derechos humanos laborales.
260 _aMéxico :
_bIMDEC :
_bCEREAL,
_c1999.
300 _a180 p. :
_bil.
650 4 _aDERECHO LABORAL
_95416
650 4 _aDerechos humanos
_zMéxico
_95183
650 4 _aSINDICATOS Y EDUCACION
_914882
650 4 _aGuías, manuales, etc.
_913681
905 _aLibro
999 _c120829
_d120829